On the Korovkin closure

Elmentve itt :
Bibliográfiai részletek
Szerző: Komornik Vilmos
Dokumentumtípus: Cikk
Megjelent: 1981
Sorozat:Acta scientiarum mathematicarum 43 No. 1-2
Kulcsszavak:Matematika
Online Access:http://acta.bibl.u-szeged.hu/14791
LEADER 00595nab a2200181 i 4500
001 acta14791
005 20210409112809.0
008 161015s1981 hu o 0|| eng d
022 |a 0001-6969 
040 |a SZTE Egyetemi Kiadványok Repozitórium  |b hun 
041 |a eng 
100 1 |a Komornik Vilmos 
245 1 3 |a On the Korovkin closure  |h [elektronikus dokumentum] /  |c  Komornik Vilmos 
260 |c 1981 
300 |a 41-43 
490 0 |a Acta scientiarum mathematicarum  |v 43 No. 1-2 
695 |a Matematika 
856 4 0 |u http://acta.bibl.u-szeged.hu/14791/1/math_043_fasc_001_002_041-043.pdf  |z Dokumentum-elérés